000
00238nam a2200097Ia 4500
001
694142
005
20250826161927.0
008
250824s9999 xx 000 0 und d
245
0
_a
ANA BABA OKULU
_c
HALUK YAVUZER
260
_b
REMZİ KİTABEVİ
999
_c
694142
_d
694142